Brazilian States by HDI - Statistics

General Stats
  • This quiz has been taken 72 times
  • The average score is 17 of 27
Answer Stats
First
Letter
State HDI % Correct
S São Paulo 0.812
97%
F / D Federal District 0.848
90%
P Paraná 0.795
87%
R Rio de Janeiro 0.815
85%
R Rio Grande do Sul 0.801
85%
S Santa Catarina 0.800
82%
G Goiás 0.792
79%
M Mato Grosso do Sul 0.788
79%
E Espírito Santo 0.788
74%
M Minas Gerais 0.785
72%
R Roraima 0.787
72%
M Mato Grosso 0.782
67%
T Tocantins 0.774
62%
A Amazonas 0.762
59%
B Bahia 0.760
59%
R Rio Grande do Norte 0.775
56%
C Ceará 0.757
54%
P Pará 0.744
54%
A Amapá 0.773
51%
M Maranhão 0.729
51%
P Pernambuco 0.761
51%
R Rondônia 0.758
49%
S Sergipe 0.771
46%
A Acre 0.740
44%
A Alagoas 0.743
44%
P Piauí 0.740
41%
P Paraíba 0.760
38%
No matching quizzes found
Score Distribution
Percent of People with Each Score
Percentile by Number Answered
Your Score History
You have not taken this quiz